| 000 | 00713nam a22002172 4500 | ||
|---|---|---|---|
| 001 | 0000012836 | ||
| 005 | 20151217152115.0 | ||
| 008 | 090323s xx 000 0 eng d | ||
| 020 | _a0896296326 : | ||
| 040 |
_aKABU _cKABU |
||
| 245 | 1 | 0 |
_aLivestock to 2020 : _bthe next food revolution / _cChristopher Delgado ... [et al.]. |
| 250 | _a1st ed. | ||
| 260 |
_aWashington, D. C. : _bIFPRI, _c1999. |
||
| 300 | _aviii, 72 p. | ||
| 650 | 0 |
_aAnimal industry _zDeveloping countries _xPlanning. _@0000163802 |
|
| 650 | 0 |
_aLivestock productivity. _@0000169795 |
|
| 700 | 1 |
_aDelgado, Christopher. _@0000169796 |
|
| 852 | 1 | _9p200 KES | |
| 908 | _a090323 | ||
| 950 | _@1 | ||
| 999 |
_c8345 _d8345 |
||